[Event "36th Reykjavik op"]
[Site "Reykjavik ISL"]
[Date "2023.04.01"]
[Round "5.40"]
[White "Camus de Solliers, Guillaume"]
[Black "Harish, Neeraj"]
[WhiteElo "2325"]
[BlackElo "2127"]
[Result "1/2-1/2"]
[EventDate "2023.03.29"]
[PlyCount "47"]

1. d4 Nf6 2. c4 g6 3. Nc3 d5 4. cxd5 Nxd5 5. e4 Nxc3 6. bxc3 Bg7 7. Nf3 c5 8. Rb1
O-O 9. Be2 Bg4 10. O-O cxd4 11. cxd4 Bxf3 12. Bxf3 Bxd4 13. Rxb7 Nc6 14. Bh6 Bg7
15. Bxg7 Kxg7 16. Qxd8 Rfxd8 17. Rc1 Rac8 18. Bg4 Rb8 19. Rxb8 Rxb8 20. h3 Ne5 21.
Rc7 Nxg4 22. hxg4 Rb1+ 23. Kh2 Rb2 24. Kg3  1/2-1/2

[Event "36th Reykjavik op"]
[Site "Reykjavik ISL"]
[Date "2023.04.01"]
[Round "5.41"]
[White "Baasansuren, Erdene"]
[Black "Botez, Alexandra"]
[WhiteElo "2232"]
[BlackElo "1988"]
[Result "1-0"]
[EventDate "2023.03.29"]
[PlyCount "87"]

1. d4 c5 2. d5 g6 3. e4 d6 4. Nc3 Bg7 5. Nf3 e6 6. dxe6 Bxc3+ 7. bxc3 Bxe6 8. Bb5+
Nc6 9. O-O Qb6 10. Qe2 O-O-O 11. Ng5 Nge7 12. Nxe6 fxe6 13. Bg5 h6 14. Be3 g5 15.
Rab1 Qa5 16. Qg4 Qxa2 17. Rb3 Kc7 18. Qxe6 b6 19. Bc4 Rhe8 20. Rxb6 Qxc2 21. Ra6
Nc8 22. Qxh6 Qxe4 23. Bb5 N8e7 24. Bxg5 Rg8 25. Bxc6 Nxc6 26. Bxd8+ Kb7 27. f3 Qc2
28. Rf2 Qb1+ 29. Rf1 Qc2 30. Rxa7+ Nxa7 31. Bg5 Nb5 32. h4 Qxc3 33. Qe6 Qd4+ 34.
Kh1 Rg7 35. Qe8 Nc3 36. Ra1 Qe5 37. Qa8+ Kb6 38. Bd8+ Kb5 39. Qa6+ Kb4 40. Ba5+ Kb3
41. Ra3+ Kc2 42. Rxc3+ Kb2 43. Qb5+ Ka1 44. Ra3#  1-0

[Event "36th Reykjavik op"]
[Site "Reykjavik ISL"]
[Date "2023.04.01"]
[Round "5.42"]
[White "Soderstrom, Adrian"]
[Black "Hnatyshyn, Anastasiia"]
[WhiteElo "2322"]
[BlackElo "2114"]
[Result "1-0"]
[EventDate "2023.03.29"]
[PlyCount "51"]

1. d4 d5 2. c4 e6 3. Nf3 Nf6 4. Nc3 Bb4 5. Qa4+ Nc6 6. a3 Bxc3+ 7. bxc3 O-O 8. Bf4
Bd7 9. cxd5 exd5 10. e3 Ne5 11. Qc2 Nxf3+ 12. gxf3 Nh5 13. Be5 f6 14. Bg3 g6 15.
Bd3 Ng7 16. Rg1 Qe8 17. Qb3 Kh8 18. Qxb7 Rb8 19. Qxc7 Bb5 20. Qxb8 Bxd3 21. Qxe8
Rxe8 22. Kd2 Bf5 23. Ra2 Ne6 24. Rb2 Ng5 25. Ke2 Re7 26. Bh4  1-0

[Event "36th Reykjavik op"]
[Site "Reykjavik ISL"]
[Date "2023.04.01"]
[Round "5.43"]
[White "Rakotomaharo, Fy Antenaina"]
[Black "Belenkaya, Dina"]
[WhiteElo "2448"]
[BlackElo "2300"]
[Result "1-0"]
[EventDate "2023.03.29"]
[PlyCount "91"]

1. e4 c6 2. d4 d5 3. e5 Bf5 4. h4 h5 5. Bd3 Bxd3 6. Qxd3 e6 7. Nf3 Qa5+ 8. Nbd2 Nh6
9. O-O Nf5 10. Nb3 Qa6 11. Qd1 Nd7 12. a4 Rc8 13. Bg5 c5 14. c3 cxd4 15. Nbxd4 Nxd4
16. cxd4 Qa5 17. Qe2 a6 18. Rfc1 Rc6 19. Bd2 Bb4 20. Bxb4 Qxb4 21. Rxc6 bxc6 22.
Qxa6 Qxb2 23. Re1 Ke7 24. Qxc6 Qb6 25. Qc1 f6 26. Qa3+ Kf7 27. a5 Qa6 28. Rc1 Rb8
29. Rc7 Ke8 30. Qc3 Kd8 31. Kh2 Rc8 32. Rxc8+ Qxc8 33. Qd3 fxe5 34. dxe5 Qc4 35.
Qe3 Qe4 36. Qg5+ Kc7 37. Qxg7 d4 38. Qh6 d3 39. Qxe6 Qf4+ 40. Kh3 Kc8 41. Qc6+ Kd8
42. Qd5 Qf5+ 43. Kh2 Qf4+ 44. g3 Qf5 45. a6 d2 46. a7  1-0

[Event "36th Reykjavik op"]
[Site "Reykjavik ISL"]
[Date "2023.04.01"]
[Round "5.44"]
[White "Cornelisse, John"]
[Black "Williams, Simon"]
[WhiteElo "2203"]
[BlackElo "2461"]
[Result "0-1"]
[EventDate "2023.03.29"]
[PlyCount "130"]

1. e4 c5 2. Nf3 d6 3. Bb5+ Nc6 4. O-O Bd7 5. Re1 a6 6. Bxc6 Bxc6 7. d4 cxd4 8. Nxd4
Nf6 9. Nxc6 bxc6 10. c4 g6 11. b3 Bg7 12. Bb2 O-O 13. Qe2 Nh5 14. Bxg7 Nxg7 15. Nd2
e5 16. Nf3 Ne6 17. Rad1 Qc7 18. Qd2 Rad8 19. Qh6 f6 20. h4 a5 21. Rd3 Qd7 22. Nh2
Nf4 23. Rd2 f5 24. Nf3 fxe4 25. Nxe5 Qe8 26. Ng4 Rf5 27. Ne3 Rf7 28. Qg5 Nd3 29.
Ree2 Nf4 30. Re1 h5 31. Qxa5 Qe7 32. g3 Nd3 33. Nd5 Qf8 34. Rxd3 exd3 35. Nf4 Re8
36. Nxd3 Rxe1+ 37. Qxe1 Re7 38. Qd2 Qf5 39. Nf4 Rd7 40. b4 d5 41. cxd5 cxd5 42. Qd4
Kh7 43. a4 Qe4 44. Qf6 Qe1+ 45. Kg2 Qe4+ 46. Kh2 Qf5 47. Qxf5 gxf5 48. a5 d4 49.
Nd3 Ra7 50. Kg2 Kg7 51. Nc5 Kf6 52. a6 d3 53. Kf3 Ke5 54. b5 d2 55. Ke2 Kd4 56. b6
Kc3 57. bxa7 Kc2 58. a8=Q d1=Q 59. Ke3 Qe1+ 60. Kd4 Qc3+ 61. Kd5 Qf3+ 62. Kc4 Qxa8
63. Kb5 Qa7 64. Na4 Kd3 65. Nc5+ Ke2  0-1

[Event "36th Reykjavik op"]
[Site "Reykjavik ISL"]
[Date "2023.04.01"]
[Round "5.45"]
[White "Hayes, Peter"]
[Black "Gaal, Zsoka"]
[WhiteElo "2075"]
[BlackElo "2320"]
[Result "0-1"]
[EventDate "2023.03.29"]
[PlyCount "110"]

1. d4 Nf6 2. Nf3 d5 3. c4 e6 4. Nc3 c6 5. Bg5 h6 6. Bxf6 Qxf6 7. e3 g6 8. Bd3 Bg7
9. e4 dxe4 10. Nxe4 Qe7 11. c5 O-O 12. O-O Rd8 13. Nd6 Rxd6 14. cxd6 Qxd6 15. h4
h5 16. Qc2 Nd7 17. Rad1 Nf6 18. Rfe1 Bd7 19. Ne5 Rd8 20. Qc5 Qb8 21. Nxd7 Rxd7 22.
Bc4 Ng4 23. g3 b6 24. Qxc6 Bxd4 25. Kg2 Bxf2 26. Qf3 Qc7 27. Rxd7 Qxd7 28. Re2 Bc5
29. Qd3 Qb7+ 30. Qe4 Qe7 31. Ba6 Kg7 32. a3 Qf6 33. b4 Bd4 34. Qf3 Qe7 35. Qe4 Be5
36. Qb7 Qd6 37. Qf3 Qd1 38. Qd3 Qa1 39. Qf3 Bd4 40. Qf1 Ne3+ 41. Rxe3 Qxf1+ 42. Bxf1
Bxe3 43. a4 Bd2 44. b5 Be1 45. Kh3 e5 46. g4 f5 47. gxh5 gxh5 48. Bd3 e4 49. Bc2
Kg6 50. Bb1 Kf6 51. Bc2 Ke5 52. Bd1 f4 53. Bxh5 f3 54. Bf7 Kf4 55. h5 e3  0-1

[Event "36th Reykjavik op"]
[Site "Reykjavik ISL"]
[Date "2023.04.01"]
[Round "5.46"]
[White "Jones, Craig"]
[Black "Tamas, Gunes Ongut"]
[WhiteElo "2075"]
[BlackElo "2317"]
[Result "1/2-1/2"]
[EventDate "2023.03.29"]
[PlyCount "115"]

1. Nf3 d5 2. g3 c5 3. Bg2 Nc6 4. d4 Nf6 5. O-O e6 6. c4 dxc4 7. Qa4 Bd7 8. Qxc4 b5
9. Qd3 Rc8 10. dxc5 Bxc5 11. Nc3 Nb4 12. Qd1 Bc6 13. Qxd8+ Rxd8 14. Ne5 Bxg2 15.
Kxg2 a6 16. a3 Nc2 17. Rb1 Nd4 18. Be3 O-O 19. Rfd1 Rd6 20. Bg5 Rc8 21. Bxf6 gxf6
22. Ne4 fxe5 23. Nxd6 Bxd6 24. e3 Nf5 25. g4 Nh4+ 26. Kg3 Be7 27. Rbc1 Rf8 28. Rc7
Ng6 29. Ra7 f5 30. Rdd7 Rf7 31. g5 f4+ 32. Kg4 fxe3 33. fxe3 e4 34. Rdb7 Ne5+ 35.
Kh5 Ng6 36. Rxa6 Rf3 37. Rxe6 Kf8 38. Rxe4 Rf2 39. h4 Rxb2 40. Kh6 Rh2 41. h5 Kf7
42. Rb4 Kg8 43. Rb8+ Bf8+ 44. Rxf8+ Nxf8 45. Rxb5 Rd2 46. Rb6 Nd7 47. Ra6 Rd5 48.
a4 Re5 49. g6 hxg6 50. Rxg6+ Kf8 51. Rc6 Rxe3 52. a5 Ne5 53. Rc8+ Kf7 54. a6 Ra3
55. Rc7+ Kf6 56. a7 Ra6 57. Kh7 Kg5 58. Kg7  1/2-1/2

[Event "36th Reykjavik op"]
[Site "Reykjavik ISL"]
[Date "2023.04.01"]
[Round "5.47"]
[White "Hardarson, Petur Palmi"]
[Black "Doluhanova, Evgeniya"]
[WhiteElo "2069"]
[BlackElo "2311"]
[Result "1-0"]
[EventDate "2023.03.29"]
[PlyCount "73"]

1. d4 Nf6 2. c4 e6 3. Nf3 b6 4. g3 Bb7 5. Bg2 Be7 6. O-O O-O 7. Nc3 Ne4 8. Bd2 d6
9. d5 Nxc3 10. Bxc3 e5 11. e4 Bc8 12. Ne1 f5 13. f4 exf4 14. e5 fxg3 15. hxg3 Ba6
16. Qe2 Qe8 17. Nc2 Nd7 18. Nb4 Bb7 19. Nd3 b5 20. cxb5 a6 21. a4 Nb6 22. Nf4 axb5
23. a5 Na4 24. Ne6 b4 25. Bxb4 Ba6 26. Qc2 Bxf1 27. Bxf1 Nb6 28. Nxc7 Qg6 29. Ra3
Nd7 30. Nxa8 Nxe5 31. Nc7 Qg4 32. Ne6 Nf3+ 33. Kg2 Qxb4 34. Rxf3 Rb8 35. Qc3 Qg4
36. a6 Bf6 37. a7  1-0

[Event "36th Reykjavik op"]
[Site "Reykjavik ISL"]
[Date "2023.04.01"]
[Round "5.48"]
[White "Sigurbjorn, Bjornsson"]
[Black "Deatrick, Alexander"]
[WhiteElo "2310"]
[BlackElo "2081"]
[Result "1/2-1/2"]
[EventDate "2023.03.29"]
[PlyCount "107"]

1. e4 c5 2. Nf3 d6 3. d4 cxd4 4. Nxd4 Nf6 5. Nc3 a6 6. Be3 e5 7. Nb3 Be7 8. f3 Be6
9. Qd2 h5 10. O-O-O Nbd7 11. Kb1 Rc8 12. h3 b5 13. Bd3 h4 14. Rhe1 Qc7 15. f4 O-O
16. f5 Bc4 17. g4 hxg3 18. Rg1 b4 19. Ne2 d5 20. Nxg3 Rfd8 21. Bh6 Bf8 22. Bg5 a5
23. exd5 Bxd5 24. Ba6 Rb8 25. Qe2 a4 26. Nd2 Bc5 27. Nh5 Nxh5 28. Bxd8 Qxd8 29. Qxh5
Bxg1 30. Rxg1 Qf6 31. Bc4 Bxc4 32. Nxc4 e4 33. Qg5 Qd4 34. b3 axb3 35. axb3 Nb6 36.
Qe3 Qf6 37. Nxb6 Rxb6 38. Rd1 Ra6 39. Rd4 Qxf5 40. Rxe4 Qf1+ 41. Qe1 Qf6 42. Re5
Ra2 43. Qe2 g6 44. Qe1 Kh7 45. Qe2 Kg7 46. Qb5 Ra8 47. Qe2 Kh7 48. Qb5 Qf4 49. Re8
Ra7 50. Qe5 Qf1+ 51. Qe1 Qf6 52. Qe5 Qf1+ 53. Qe1 Qf6 54. Qe5  1/2-1/2

[Event "36th Reykjavik op"]
[Site "Reykjavik ISL"]
[Date "2023.04.01"]
[Round "5.49"]
[White "Halldorsson, Bragi"]
[Black "Karthik, Rajaa"]
[WhiteElo "2067"]
[BlackElo "2302"]
[Result "1/2-1/2"]
[EventDate "2023.03.29"]
[PlyCount "140"]

1. d4 Nf6 2. c4 e6 3. Nc3 Bb4 4. f3 d5 5. a3 Bxc3+ 6. bxc3 O-O 7. e3 c5 8. cxd5 exd5
9. Bd3 b6 10. Ne2 Ba6 11. Bb1 Re8 12. O-O Nc6 13. Re1 Bc4 14. Ng3 b5 15. Bd3 Qa5
16. Bb2 Rad8 17. Re2 h5 18. Qc2 Bxd3 19. Qxd3 g6 20. Rd1 h4 21. Nh1 Qa4 22. Nf2 Qb3
23. Bc1 Qc4 24. Rb2 a6 25. Qd2 Na5 26. Nd3 cxd4 27. cxd4 Nb3 28. Qf2 Nxc1 29. Nxc1
Qa4 30. Rd3 Rc8 31. Qd2 Qc4 32. Ne2 Qc6 33. Rc3 Qd6 34. Rbc2 Rc4 35. Nf4 Qe7 36.
Kf2 Qc7 37. Kg1 Rc8 38. Rxc4 bxc4 39. Nd3 Rb8 40. Nc5 Rb1+ 41. Rc1 Rxc1+ 42. Qxc1
Qc6 43. e4 Nd7 44. Nxd7 Qxd7 45. exd5 Qxd5 46. Qc3 Qb5 47. Kf2 Qb3 48. Qb4 Qc2+ 49.
Ke1 Qc1+ 50. Ke2 c3 51. Kd3 Qd2+ 52. Kc4 Qxg2 53. Qb8+ Kh7 54. Kxc3 Qxf3+ 55. Kb4
Qd5 56. Qb6 g5 57. Qc5 Qxc5+ 58. dxc5 g4 59. c6 g3 60. hxg3 hxg3 61. c7 g2 62. c8=Q
g1=Q 63. Qxa6 f5 64. Qe6 Qd4+ 65. Kb3 f4 66. Qh3+ Kg6 67. Kc2 Kg5 68. Qg2+ Kf6 69.
Qf3 Kg5 70. Qg2+ Kf6  1/2-1/2

[Event "36th Reykjavik op"]
[Site "Reykjavik ISL"]
[Date "2023.04.01"]
[Round "5.50"]
[White "Laddha, Yash Jayesh"]
[Black "Papp, Sarah"]
[WhiteElo "2067"]
[BlackElo "2288"]
[Result "1/2-1/2"]
[EventDate "2023.03.29"]
[PlyCount "9"]

1. e4 e6 2. d4 d5 3. Bd3 dxe4 4. Bxe4 Nf6 5. Be3 (5. Bf3 c5 6. Ne2 Be7 7. Nbc3 O-O
8. d5 exd5 9. Nxd5 Nxd5 10. Qxd5 Qxd5 11. Bxd5 Nc6 12. c3 Bf5 13. O-O Rad8 14. Bf3
Rd7 15. Ng3 Be6 16. Re1 Rfd8 17. h3 h6 18. Bg4 Bxg4 19. hxg4 b6 20. Nf5 Bg5 21. Bxg5
hxg5 22. Kf1 g6 (22... f6 23. Ne3 Ne5 24. c4 Rd4 25. b3 Nxg4 26. Nxg4 Rxg4 27. Rad1
Rgd4 28. Rxd4 Rxd4 29. Re7 a6 30. Re6 b5 31. Rxa6 bxc4 32. bxc4 Rxc4 33. g3 Kf7 34.
Ke2 Rc2+ 35. Ke3 g4 36. a4 Kg6 37. Ra7 Rc3+ 38. Ke2 c4 39. Rc7 Kf5 40. Kd2 Rf3 41.
Ke2 Rc3 42. Kd2 Rd3+ 43. Ke2 Rd4 44. a5 Re4+ 45. Kd2 Re5 46. Rxc4 Rxa5 47. Rf4+ Kg5
48. Ke2 f5 49. Rb4 Kf6 50. Rb6+ Ke5 51. Rb7 g5 52. Re7+ Kf6 53. Rb7 f4 54. gxf4 gxf4
55. Kf1 Ra1+ 56. Ke2 Ra2+ 57. Kf1 Kg5 58. Rg7+ Kf5 59. Rb7 Ra4 60. Kg2 Rd4 61. Rf7+
Kg6 62. Rf8 Kg5 63. Rg8+ Kh4 ( 63... Kf5 64. Ra8 Rd5 65. Rf8+ Kg5 66. Rg8+ Kh4 (66...
Kf5 67. Rf8+ Kg5 68. Rg8+ Kh4 69. Rf8 f3+ 70. Kg1 Kg5 71. Ra8 Re5 72. Kh2 Kf4 73.
Ra4+ Re4 74. Ra3 Rb4 75. Rc3 Rb2 76. Rc4+ Kf5 77. Kg3 Rb1 78. Rf4+ Ke5 79. Rxg4 Rb8
80. Kxf3 Rb3+ 81. Kg2 Kf5 82. Ra4 Rc3 83. f3 Rc5 84. Kg3 Rb5 85. Rh4 Rb3 86. Rh5+
Kg6 87. Ra5 Kf6 88. Kg4 Rb1 89. Ra6+ Kf7 90. f4 Rb7 91. Kg5 Rc7 92. Rf6+ Kg7 93.
Rg6+ Kf7 94. Ra6 Rb7 95. f5 Kg7 96. Rg6+ Kf7 97. Rh6 Kg7 98. f6+ Kg8 99. Kg6 Rg7+
100. Kf5 Ra7 101. Ke6 Ra6+ 102. Ke7 Ra7+ 103. Ke6 Ra6+ 104. Kf5 Ra1 105. Rh4 Kf7
106. Rh7+ Kf8) 67. Rf8 f3+ 68. Kg1 Kg5 69. Rg8+)) 23. Ne3 Ne5 24. c4 Rd4 25. b3 Nxg4
26. Nxg4 Rxg4 27. Rad1 Rdd4 (27... Rgd4 28. Rxd4 Rxd4 29. Re7 a6 30. Re6))  1/2-1/2

[Event "36th Reykjavik op"]
[Site "Reykjavik ISL"]
[Date "2023.04.01"]
[Round "5.51"]
[White "Kakulidis, Ellen"]
[Black "Salles, Louis"]
[WhiteElo "2046"]
[BlackElo "2287"]
[Result "0-1"]
[EventDate "2023.03.29"]
[PlyCount "46"]

1. d4 d5 2. c4 c6 3. Nf3 Nf6 4. g3 Bg4 5. Ne5 Bf5 6. cxd5 cxd5 7. Nc3 Nc6 8. f3 g6
9. Bg2 Bg7 10. O-O O-O 11. Kh1 Rc8 12. Be3 Qd6 13. Nd3 Bxd3 14. Qxd3 Rfd8 15. Bh3
e6 16. Rfd1 Qd7 17. Qd2 Ne8 18. Bg5 Bf6 19. Bxf6 Nxf6 20. Rac1 Kg7 21. e3 Qe7 22.
Ne2 Rc7 23. Nf4 Rcd7 (23... Rdd7) (23... Rdc8 24. Nd3 Nd7 25. Bf1 h5 26. h4 (26.
b4 Nd8 27. Rxc7 Rxc7 28. Nc5 Qd6 29. a3 Nf6 30. Kg2 Nc6 31. Bd3 Qd8 32. Rc1 Qc8 33.
Rc2 Nd8 34. Qc1 b6 35. Na6 Rxc2+ 36. Qxc2 Qxc2+ 37. Bxc2 Kf8 38. Nc7 Ne8 39. Nb5
Nc6 40. Kf2 Ke7 41. Ke2 a5 42. bxa5 bxa5 (42... Nxa5 43. Kd3 Nd6 44. Nxd6 Kxd6 45.
a4 Kc6 46. h4 Nc4 47. Bb3 Nd6 48. g4 hxg4 49. fxg4 Kd7 50. Ke2 Ke7 51. Bc2 Kf6 52.
Kf3 g5 53. h5 Kg7 54. e4 dxe4+ 55. Bxe4 f5 56. Bc2 Kf6 57. Bd3 Nf7 58. Kg3 Nh6 59.
Be2 Kf7 60. d5 exd5 61. gxf5 Nxf5+ 62. Kg4 Kf6 63. Bd3 Nh6+ 64. Kf3 Ke6 (64... Ke5
65. Ke3 Kf6 (65... d4+ 66. Kf3 Kd5 67. Bb5 Ke5 68. Bd3 Nf7 69. Bg6 Nd6 70. h6 Kf6
71. Bd3 (71. h7 Kg7 72. Bd3 Nb7 73. Kg4 Nc5 74. Bb5 d3 75. Kxg5 d2 76. Be2 Nxa4 77.
Kf4 Nc3 78. Ke3 d1=Q 79. Bxd1 Nxd1+ 80. Kd4 Nb2 81. Kc3 Na4+ 82. Kb4 Nc5 83. Kb5
Nd7)))) 43. Kd3 Nd6 44. Nxd6 Kxd6 45. a4) 26... Nd8 27. Rxc7 Rxc7 28. Nc5 Qd6 29.
a3 Nf6 30. Kg2 Nc6 31. Bd3 Qd8 32. Qc1 (32. Rc1 Qc8 33. Rc2 Nd8 34. Qc1 b6 35. Na6
Rxc2+ 36. Qxc2 Qxc2+ 37. Bxc2 Kg8 (37... Kf8 38. Nc7 Ne8 39. Nb5 Nc6 40. Kf2 Ke7
41. Ke2 a5)))  0-1

[Event "36th Reykjavik op"]
[Site "Reykjavik ISL"]
[Date "2023.04.01"]
[Round "5.52"]
[White "Jacobsen, Mikkel Manosri"]
[Black "Tulendinov, Dinmukhammed"]
[WhiteElo "2283"]
[BlackElo "2048"]
[Result "1/2-1/2"]
[EventDate "2023.03.29"]
[PlyCount "122"]

1. d4 d5 2. Bf4 Nf6 3. e3 c6 4. c4 Bf5 5. Nc3 Qb6 6. Qd2 Nbd7 7. c5 Qd8 8. b4 a6
9. h3 g6 10. g4 Be6 11. Bd3 h5 12. g5 Nh7 13. f3 Bg7 14. Nge2 O-O 15. h4 Re8 16.
Kf2 Ndf8 17. a4 Bc8 18. Bc2 Nd7 19. e4 dxe4 20. Nxe4 Nhf8 21. Rad1 Ne6 22. Bb3 Nxf4
23. Nxf4 e6 24. Nd6 Re7 25. Qe3 Nf8 26. Nd3 Qc7 27. Ne5 Bd7 28. f4 Be8 29. Rd2 Nd7
30. Qe4 Kh7 31. Bc2 Nf8 32. Bd3 Rd8 33. Rb1 Rxd6 34. cxd6 Qxd6 35. Rc2 Rc7 36. b5
axb5 37. axb5 Rc8 38. Ra1 Rd8 39. Ra7 cxb5 40. Rxb7 Kg8 41. Rcc7 Qb4 42. d5 Qd2+
43. Be2 Rxd5 44. Rc2 Qa5 45. Rc8 Rd8 46. Rxd8 Qxd8 47. Kg3 Qc8 48. Bf3 Qc5 49. Rb8
Bxe5 50. Qxe5 Qg1+ 51. Bg2 Bd7 52. Qd6 Qe1+ 53. Kf3 Qc3+ 54. Kf2 Qc2+ 55. Kg1 Bc8
56. Kh2 Qf2 57. Qb4 Qc2 58. Qxb5 Qc1 59. Qa4 Nd7 60. Rb4 Qe1 61. Rb3 Nc5  1/2-1/2

[Event "36th Reykjavik op"]
[Site "Reykjavik ISL"]
[Date "2023.04.01"]
[Round "5.53"]
[White "Diaz, Franck"]
[Black "Dishman, Stephen"]
[WhiteElo "2035"]
[BlackElo "2274"]
[Result "0-1"]
[EventDate "2023.03.29"]
[PlyCount "96"]

1. e4 c5 2. Nc3 Nc6 3. f4 g6 4. Nf3 Bg7 5. Bc4 e6 6. e5 d6 7. exd6 Qxd6 8. Ne4 Qe7
9. O-O Nf6 10. d3 O-O 11. Qe1 b6 12. c3 Bb7 13. Bb3 Rad8 14. Bc2 Ba6 15. Nxf6+ Qxf6
16. Qe4 Rd6 17. Rd1 Rfd8 18. Be3 Bb7 19. Qa4 a6 20. f5 Qxf5 21. Rf1 R6d7 22. Ng5
Qd5 23. Qh4 h6 24. Ne4 Ne7 25. c4 Qh5 26. Qf2 Nf5 27. Bd1 Qh4 28. Qxh4 Nxh4 29. Be2
Nf5 30. Bf2 Nd4 31. Bxd4 Bxd4+ 32. Kh1 Bxe4 33. dxe4 Bxb2 34. Rab1 Rd2 35. Bf3 R8d6
36. h4 Kg7 37. h5 g5 38. Rfd1 Rxd1+ 39. Rxd1 Rxd1+ 40. Bxd1 Kf6 41. Ba4 Ke5 42. Bc6
Kd4 43. Be8 f6 44. Bf7 Kxc4 45. Bxe6+ Kd3 46. Bf5 Ke3 47. Kg1 c4 48. Kf1 Kd2  0-1

[Event "36th Reykjavik op"]
[Site "Reykjavik ISL"]
[Date "2023.04.01"]
[Round "5.54"]
[White "Haraldsson, Haraldur"]
[Black "Heurtebize, Olivier"]
[WhiteElo "1882"]
[BlackElo "2269"]
[Result "0-1"]
[EventDate "2023.03.29"]
[PlyCount "86"]

1. d4 Nf6 2. Nf3 g6 3. g3 Bg7 4. Bg2 c5 5. O-O O-O 6. d5 d6 7. c4 b5 8. cxb5 a6 9.
bxa6 Rxa6 10. Nc3 Nbd7 11. h3 Bb7 12. Nd2 Nb6 13. e4 Qa8 14. Re1 Rc8 15. f4 Nfd7
16. Nf3 Na4 17. Qc2 Nxc3 18. bxc3 Ra4 19. a3 Qa5 20. Rb1 Ba6 21. e5 Rc4 22. Bd2 Qa4
23. Rb3 Bb7 24. e6 fxe6 25. dxe6 Nf6 26. Qb2 Bd5 27. Rb8 Qe8 28. Rxc8 Qxc8 29. Qb5
Re4 30. Ng5 Rxe1+ 31. Bxe1 Bxg2 32. Kxg2 h6 33. Nf3 Qxe6 34. a4 c4 35. Bf2 Qe2 36.
Nh4 Kh7 37. a5 Ne4 38. Qb6 Qa2 39. Kf3 Nxf2 40. a6 Nd1 41. a7 Nxc3 42. Qe3 e5 43.
f5 e4+  0-1

[Event "36th Reykjavik op"]
[Site "Reykjavik ISL"]
[Date "2023.04.01"]
[Round "5.55"]
[White "Sahithi, Varshini M"]
[Black "Holand, Per Fredrik"]
[WhiteElo "2262"]
[BlackElo "2026"]
[Result "1-0"]
[EventDate "2023.03.29"]
[PlyCount "65"]

1. e4 c5 2. Nf3 d6 3. d4 cxd4 4. Nxd4 Nf6 5. Nc3 e6 6. g4 h6 7. h4 Nc6 8. Rg1 d5
9. Bb5 Bd7 10. exd5 Nxd5 11. Nxd5 exd5 12. Be3 Qxh4 13. Qd2 Bd6 14. O-O-O Kf8 15.
Nf5 Bxf5 16. gxf5 d4 17. Bxc6 bxc6 18. Bxd4 f6 19. Be3 Be7 20. Qd7 Rh7 21. Rge1 Qc4
22. Bd4 Re8 23. Qxa7 Kf7 24. Bb6 Qf4+ 25. Kb1 g5 26. Rd7 Kf8 27. Bc5 Qxf5 28. Rdxe7
Rhxe7 29. Rxe7 Rxe7 30. Qxe7+ Kg8 31. Qf8+ Kh7 32. Qf7+ Kh8 33. Bd4  1-0

[Event "36th Reykjavik op"]
[Site "Reykjavik ISL"]
[Date "2023.04.01"]
[Round "5.56"]
[White "Finnsson, Johann Arnar"]
[Black "Pasti, Aron"]
[WhiteElo "1874"]
[BlackElo "2378"]
[Result "0-1"]
[EventDate "2023.03.29"]
[PlyCount "60"]

1. c4 e5 2. g3 Nf6 3. Bg2 c6 4. Nc3 d5 5. cxd5 cxd5 6. d4 exd4 7. Qxd4 Nc6 8. Qd1
d4 9. Ne4 Be7 10. Nxf6+ Bxf6 11. Nf3 O-O 12. O-O Bf5 13. Ne1 h5 14. h4 Qe7 15. Nd3
Be4 16. Bf4 Bxg2 17. Kxg2 Qe4+ 18. Kg1 Ne7 19. Bd6 Rfe8 20. Bxe7 Rxe7 21. Nf4 Bxh4
22. Nxh5 Bg5 23. Re1 Qg6 24. g4 Be3 25. Kg2 Qxg4+ 26. Ng3 Bxf2 27. Kxf2 Re3 28. Nh1
Rae8 29. Rc1 d3 30. exd3 Qh4+  0-1

[Event "36th Reykjavik op"]
[Site "Reykjavik ISL"]
[Date "2023.04.01"]
[Round "5.57"]
[White "Gajewski, Grzegorz"]
[Black "Murphy, Hugh"]
[WhiteElo "2587"]
[BlackElo "2100"]
[Result "1-0"]
[EventDate "2023.03.29"]
[PlyCount "73"]

1. Nf3 Nf6 2. c4 e6 3. g3 a6 4. Bg2 b5 5. Ne5 c6 6. b3 Bb7 7. d4 Bb4+ 8. Bd2 Bxd2+
9. Nxd2 d6 10. Nd3 Nbd7 11. b4 O-O 12. O-O Qe7 13. c5 dxc5 14. Nxc5 Nxc5 15. dxc5
a5 16. a3 Nd5 17. Qb3 axb4 18. axb4 Qf6 19. Rxa8 Rxa8 20. Ne4 Qd4 21. Nd6 Bc8 22.
e3 Qf6 23. e4 Qc3 24. Rb1 Qxb3 25. Rxb3 Nf6 26. e5 Nd5 27. h3 Bd7 28. Bxd5 exd5 29.
g4 f6 30. exf6 gxf6 31. Rf3 Kg7 32. Kg2 h6 33. Kg3 Ra1 34. Rb3 Kg6 35. Re3 Ra8 36.
Re7 Rd8 37. Nb7  1-0

[Event "36th Reykjavik op"]
[Site "Reykjavik ISL"]
[Date "2023.04.01"]
[Round "5.58"]
[White "Karacsonyi, Gellert"]
[Black "Karason, Askell Oern"]
[WhiteElo "2385"]
[BlackElo "2084"]
[Result "1-0"]
[EventDate "2023.03.29"]
[PlyCount "73"]

1. d4 d6 2. e4 Nf6 3. Nc3 g6 4. Bf4 c6 5. Qd2 Nbd7 6. O-O-O Qa5 7. Kb1 b5 8. f3 Bg7
9. g4 O-O 10. Bh6 b4 11. Nce2 c5 12. Bxg7 Kxg7 13. g5 Nh5 14. d5 Ba6 15. Ng3 Bxf1
16. Rxf1 c4 17. Nxh5+ gxh5 18. Ne2 c3 19. Qd4+ Kg8 20. Nf4 Qc5 21. Qxc5 Nxc5 22.
bxc3 bxc3 23. Ka1 Na4 24. Rb1 Rab8 25. Rb3 Rfc8 26. Nxh5 Rb6 27. Ng3 Rc4 28. Rhb1
Rd4 29. Ne2 Rd2 30. Nxc3 Nc5 31. Rxb6 axb6 32. Rxb6 Rxc2 33. Nd1 Rxh2 34. Kb1 Rh3
35. Ne3 Kg7 36. Rb8 Rxf3 37. Nf5+  1-0

[Event "36th Reykjavik op"]
[Site "Reykjavik ISL"]
[Date "2023.04.01"]
[Round "5.59"]
[White "Pigott, John"]
[Black "Doraszelski, Alexander"]
[WhiteElo "2361"]
[BlackElo "2093"]
[Result "1-0"]
[EventDate "2023.03.29"]
[PlyCount "111"]

1. e4 c5 2. Nf3 d6 3. d4 Nf6 4. Nc3 cxd4 5. Nxd4 a6 6. Be2 e5 7. Nb3 Be7 8. O-O O-O
9. Re1 Be6 10. Bf3 Nbd7 11. a4 Qc7 12. Be3 Rac8 13. a5 Rfd8 14. h3 h6 15. Re2 Qc6
16. Rd2 Nh7 17. Nc1 Ng5 18. Nd3 Nf6 19. Nb4 Qe8 20. Bxg5 hxg5 21. Ncd5 Nd7 22. Qe2
Nc5 23. Rad1 Bf8 24. Qe3 f6 25. Bg4 Qb5 26. Bxe6+ Nxe6 27. Qb3 Re8 28. Nb6 Rcd8 29.
Rd5 Qe2 30. Qc4 Qh5 31. c3 Kh8 32. R5d2 g4 33. Qe2 f5 34. exf5 Qxf5 35. Qxg4 Qxg4
36. hxg4 Nc5 37. Nc4 Ne4 38. Re2 Nf6 39. f3 e4 40. g5 Nh5 41. Rxe4 Rxe4 42. fxe4
Be7 43. g6 Ng3 44. Nd5 Bh4 45. Nd2 Re8 46. Nf3 Bd8 47. Kh2 Nxe4 48. b4 Nf2 49. Rd4
Ne4 50. Rc4 Nf6 51. Nxf6 gxf6 52. Rc8 Kg7 53. Nh4 Rh8 54. g3 d5 55. Kg2 Rf8 56. Rb8
 1-0

[Event "36th Reykjavik op"]
[Site "Reykjavik ISL"]
[Date "2023.04.01"]
[Round "5.61"]
[White "O`gorman, Tom"]
[Black "Bjorkman, Filip"]
[WhiteElo "2357"]
[BlackElo "2040"]
[Result "0-1"]
[EventDate "2023.03.29"]
[PlyCount "74"]

1. d4 Nf6 2. c4 g6 3. Nc3 d5 4. cxd5 Nxd5 5. e4 Nxc3 6. bxc3 Bg7 7. Nf3 c5 8. h3
O-O 9. Be2 Nc6 10. Be3 cxd4 11. cxd4 Qa5+ 12. Bd2 Qa3 13. d5 Ne5 14. O-O Bd7 15.
Nxe5 Bxe5 16. Rb1 Qxa2 17. Rxb7 Ba4 18. Qe1 Rfb8 19. Rxb8+ Rxb8 20. Be3 Rb2 21. Bd3
Qa3 22. Qa5 Qxd3 23. Qxa4 Rb1 24. Bc1 Bf4 25. Bxf4 Qxf1+ 26. Kh2 Qxf2 27. Be5 Qg1+
28. Kg3 Qe3+ 29. Kh2 Kf8 30. d6 exd6 31. Bxd6+ Kg7 32. Be5+ Kh6 33. Qc4 Qf2 34. Bd6
Rb2 35. Bf8+ Kh5 36. Qd5+ f5 37. Qd1+ Re2  0-1

[Event "36th Reykjavik op"]
[Site "Reykjavik ISL"]
[Date "2023.04.01"]
[Round "5.62"]
[White "Domalchuk-Jonasson, Aleksandr"]
[Black "Maleki, Nicolas"]
[WhiteElo "2318"]
[BlackElo "2018"]
[Result "1/2-1/2"]
[EventDate "2023.03.29"]
[PlyCount "90"]

1. d4 Nf6 2. c4 e6 3. Nf3 Bb4+ 4. Nbd2 O-O 5. g3 b6 6. Bg2 Bb7 7. O-O d5 8. cxd5
exd5 9. a3 Bd6 10. b4 Re8 11. Bb2 c6 12. Re1 Nbd7 13. Qb3 Rb8 14. a4 c5 15. bxc5
bxc5 16. dxc5 Nxc5 17. Qa2 Nce4 18. Bd4 a5 19. Nf1 Ba6 20. Ne3 Bb4 21. Rec1 Rc8 22.
Rc2 Nc3 23. Qb2 Nfe4 24. Bh3 Rb8 25. Bf1 Bc5 26. Qc1 Bxd4 27. Nxd4 Qf6 28. Nef5 g6
29. Qh6 Rbc8 30. Rac1 Nxa4 31. Rxc8 Rxc8 32. Ra1 Nac3 33. Rxa5 Bxe2 34. Bxe2 Nxe2+
35. Nxe2 Qxf5 36. Nf4 Nf6 37. Ra1 (37. Ra4 d4 38. h4) 37... d4 38. h4 d3 39. Rd1
Rd8 40. Qg5 Qxg5 41. hxg5 Ne4 42. Rxd3 Rxd3 43. Nxd3 Nxg5 44. Kg2 Kg7 45. f4 Ne4
 1/2-1/2